Estadísticas para Provincias de Argentina

Haz click aquí para intentar la prueba.

Estadísticas generales

  • Esta prueba ha sido intentada 2.435 veces
  • La puntuación promedio es 20 de 24

Estadísticas de respuestas

#Provincia% Correcto
1Buenos Aires
98%
6Cordoba
92%
10Jujuy
89%
17Salta
88%
13Mendoza
86%
14Misiones
86%
23Tierra del Fuego, Antártida e Islas del Atlántico Sur
86%
4Chubut
85%
21Santa Fe
83%
24Tucumán
83%
7Corrientes
82%
8Entre Ríos
82%
11La Pampa
82%
16Río Negro
82%
18San Juan
82%
15Neuquén
81%
3Chaco
79%
9Formosa
79%
19San Luis
79%
20Santa Cruz
78%
2Catamarca
77%
12La Rioja
76%
22Santiago del Estero
75%
5Ciudad Autónoma de Buenos Aires
46%

Distribución de puntuación

Porcentaje por número respondido

Porcentaje de gente con cada puntuación

Historial de tus puntuaciones

No has intentado esta prueba.